| 000 | 00898nam a22002297a 4500 | ||
|---|---|---|---|
| 005 | 20081022121542.0 | ||
| 008 | 081022t xxu||||| |||| 00| 0 eng d | ||
| 010 | _aENG-84313 | ||
| 020 | _a0195686748 | ||
| 020 | _c675.00 (hb) | ||
| 035 | _aEN-67846 | ||
| 082 | _a320.8091724 | ||
| 245 |
_aDecentralization and local governance in developing countries : _ba comparative perspective / _cedited by Pranab Bardhan and Dilip Mookherjee |
||
| 260 |
_aNew Delhi _bOxford University Press |
||
| 260 | _c2007 | ||
| 300 |
_avi,363p _c23cm |
||
| 500 | _aIncludes bibliographical references and index | ||
| 700 |
_aBardhan, Pranab _ced |
||
| 700 |
_aMookherjee, Dilip _ced |
||
| 942 |
_2ddc _cMA _h320.8091724 _mDEC |
||
| 999 |
_c17651 _d17651 |
||